[Event "TCh-RUS Premier 2023"]
[Site "Sochi RUS"]
[Date "2023.05.01"]
[Round "1.1"]
[Board "1"]
[White "Grischuk, Alexander"]
[Black "Artemiev, Vladislav"]
[Result "1/2-1/2"]
[WhiteTitle "GM"]
[BlackTitle "GM"]
[WhiteElo "2745"]
[BlackElo "2701"]
[WhiteTeam "SK KPRF (Moskva)"]
[BlackTeam "Ladya (Respublika Tatarstan)"]
[WhiteFideId "4126025"]
[BlackFideId "24101605"]
[EventDate "2023.05.01"]
[EventType "team"]

1. d4 d5 2. c4 c6 3. Nf3 Nf6 4. e3 Bf5 5. Nh4 Bxb1 6. Rxb1 e5 7. dxe5 Ne4 8. Nf3
Bb4+ 9. Bd2 Nxd2 10. Nxd2 d4 11. exd4 Qxd4 12. Be2 Na6 13. a3 Bxd2+ 14. Qxd2
Qxe5 15. b4 O-O 16. O-O Rad8 17. Qb2 Qxb2 18. Rxb2 1/2-1/2

[Event "TCh-RUS Premier 2023"]
[Site "Sochi RUS"]
[Date "2023.05.01"]
[Round "1.1"]
[Board "2"]
[White "Timofeev, Artyom"]
[Black "Malakhov, Vladimir"]
[Result "1/2-1/2"]
[WhiteTitle "GM"]
[BlackTitle "GM"]
[WhiteElo "2567"]
[BlackElo "2650"]
[WhiteTeam "Ladya (Respublika Tatarstan)"]
[BlackTeam "SK KPRF (Moskva)"]
[WhiteFideId "4140419"]
[BlackFideId "4120787"]
[EventDate "2023.05.01"]
[EventType "team"]

1. e4 e5 2. Nf3 Nc6 3. Bb5 Nf6 4. O-O Nxe4 5. d4 Nd6 6. Bxc6 dxc6 7. dxe5 Nf5 8.
Qxd8+ Kxd8 9. Nc3 Ke8 10. h3 h5 11. Bf4 Be7 12. Rfd1 Be6 13. Ng5 Rh6 14. Nxe6
Rxe6 15. Kf1 Rd8 16. Rxd8+ Bxd8 17. Ne4 Be7 18. Rd1 c5 19. c3 h4 20. g4 hxg3 21.
fxg3 Ne3+ 22. Bxe3 Rxe5 23. Bxc5 Bxc5 24. Nxc5 Rxc5 1/2-1/2

[Event "TCh-RUS Premier 2023"]
[Site "Sochi RUS"]
[Date "2023.05.01"]
[Round "1.1"]
[Board "3"]
[White "Zvjaginsev, Vadim"]
[Black "Tsydypov, Zhamsaran"]
[Result "1/2-1/2"]
[WhiteTitle "GM"]
[BlackTitle "GM"]
[WhiteElo "2598"]
[BlackElo "2538"]
[WhiteTeam "SK KPRF (Moskva)"]
[BlackTeam "Ladya (Respublika Tatarstan)"]
[WhiteFideId "4113403"]
[BlackFideId "4108566"]
[EventDate "2023.05.01"]
[EventType "team"]

1. Nf3 g6 2. e4 Bg7 3. d4 d6 4. Be2 Nf6 5. Nc3 O-O 6. O-O a6 7. Re1 Nc6 8. d5
Nb8 9. Be3 b5 10. a3 Bb7 11. Qd2 c5 12. dxc6 Nxc6 13. Bh6 b4 14. axb4 Nxb4 15.
Bxg7 Kxg7 16. Bc4 Qc7 17. Bb3 e5 18. Ra4 a5 19. h3 h6 20. Nh2 Bc8 21. Nf1 Bd7
22. Ra3 Bc6 23. Ne3 Rfd8 24. Ng4 Nxg4 25. hxg4 Qb7 26. Rea1 d5 27. Rxa5 Rxa5 28.
Rxa5 Qb6 29. Ra1 dxe4 30. Qe3 Qxe3 31. fxe3 f5 32. Ra7+ Kf6 1/2-1/2

[Event "TCh-RUS Premier 2023"]
[Site "Sochi RUS"]
[Date "2023.05.01"]
[Round "1.1"]
[Board "4"]
[White "Drygalov, Andrey"]
[Black "Potkin, Vladimir"]
[Result "1/2-1/2"]
[WhiteTitle "GM"]
[BlackTitle "GM"]
[WhiteElo "2484"]
[BlackElo "2574"]
[WhiteTeam "Ladya (Respublika Tatarstan)"]
[BlackTeam "SK KPRF (Moskva)"]
[WhiteFideId "24171735"]
[BlackFideId "4131061"]
[EventDate "2023.05.01"]
[EventType "team"]

1. d4 Nf6 2. c4 e6 3. Nf3 d5 4. Nc3 Bb4 5. Qa4+ Nc6 6. Bd2 O-O 7. a3 Be7 8. e3
Ne4 9. Rd1 Nxd2 10. Rxd2 Bf6 11. Be2 g6 12. O-O Bg7 13. Qc2 Ne7 14. b4 c6 15.
Qb3 Bd7 16. Rb1 Nf5 17. Rc2 Qe7 18. a4 Rfd8 19. a5 Be8 20. a6 b6 21. cxd5 cxd5
22. Nb5 Bxb5 23. Bxb5 Nd6 24. Bc6 Rac8 25. b5 Nc4 26. Rbc1 Bf8 27. Nd2 Qa3 28.
Qb1 Nxd2 29. Rxd2 Kg7 30. g3 Be7 31. Kg2 h5 32. h4 Qb4 33. Rb2 Qd6 34. Rbc2 Qb4
35. Rb2 Qd6 36. Rb3 g5 37. hxg5 Bxg5 38. Rh1 Rh8 39. Qd1 f5 40. Rxh5 Kg6 41.
Rxh8 Rxh8 42. Qf3 Qf8 43. Rc3 Qb4 44. Rc1 Qb2 45. Rh1 Rxh1 46. Kxh1 Qb1+ 47. Kh2
Qc2 48. Kh3 Kf6 49. Be8 Qb1 50. Kh2 Qc2 51. g4 Bh4 52. Kg2 Qe4 53. Qxe4 fxe4 54.
f3 exf3+ 55. Kxf3 Bg5 56. e4 Ke7 57. Bc6 Kd6 58. Ke2 Bh6 59. Kd3 Bg5 60. exd5 1/2-1/2

[Event "TCh-RUS Premier 2023"]
[Site "Sochi RUS"]
[Date "2023.05.01"]
[Round "1.1"]
[Board "5"]
[White "Alekseev, Evgeny"]
[Black "Samusenko, Maksim"]
[Result "1/2-1/2"]
[WhiteTitle "GM"]
[BlackTitle "IM"]
[WhiteElo "2564"]
[BlackElo "2464"]
[WhiteTeam "SK KPRF (Moskva)"]
[BlackTeam "Ladya (Respublika Tatarstan)"]
[WhiteFideId "4138147"]
[BlackFideId "4112253"]
[EventDate "2023.05.01"]
[EventType "team"]

1. e4 c5 2. Nf3 Nc6 3. Bb5 g6 4. O-O Bg7 5. c3 Nf6 6. Re1 O-O 7. d4 d5 8. e5 Ne4
9. Be3 cxd4 10. cxd4 Qb6 11. Bxc6 Qxc6 12. Qb3 Be6 13. Rc1 Qd7 14. Na3 Rac8 15.
Qb4 f6 16. Qb5 1/2-1/2

[Event "TCh-RUS Premier 2023"]
[Site "Sochi RUS"]
[Date "2023.05.01"]
[Round "1.1"]
[Board "6"]
[White "Faizrakhmanov, Ramil"]
[Black "Afanasiev, Nikita"]
[Result "0-1"]
[WhiteTitle "IM"]
[BlackTitle "GM"]
[WhiteElo "2480"]
[BlackElo "2530"]
[WhiteTeam "Ladya (Respublika Tatarstan)"]
[BlackTeam "SK KPRF (Moskva)"]
[WhiteFideId "24103209"]
[BlackFideId "24183555"]
[EventDate "2023.05.01"]
[EventType "team"]

1. d4 Nf6 2. c4 e6 3. Nf3 d5 4. Nc3 Bb4 5. Qa4+ Nc6 6. e3 O-O 7. Qc2 Re8 8. Be2
e5 9. dxe5 Nxe5 10. cxd5 Nxd5 11. Bd2 Nxc3 12. Bxc3 Qe7 13. Rd1 a5 14. a3 Nxf3+
15. Bxf3 Bxc3+ 16. Qxc3 c6 17. O-O Be6 18. Rd2 Qg5 19. Rfd1 h5 20. Kh1 g6 21. h3
a4 22. Rd4 Ra5 23. h4 Qe5 24. Qd2 Rb5 25. Be2 Rb3 26. Qc1 c5 27. R4d2 b5 28. Kg1
Kg7 29. Rc2 b4 30. axb4 cxb4 31. Qa1 a3 32. bxa3 Qxa1 33. Rxa1 Rxa3 34. Rcc1 Rc8
35. Rcb1 Bf5 36. Rxa3 bxa3 37. Ra1 Rc2 38. Bd1 Rb2 39. e4 0-1

[Event "TCh-RUS Premier 2023"]
[Site "Sochi RUS"]
[Date "2023.05.01"]
[Round "1.2"]
[Board "1"]
[White "Shubin, Kirill"]
[Black "Najer, Evgeniy"]
[Result "1/2-1/2"]
[WhiteTitle "IM"]
[BlackTitle "GM"]
[WhiteElo "2447"]
[BlackElo "2655"]
[WhiteTeam "SShOR po shakhmatam i shashkam (Sankt-Peterbu"]
[BlackTeam "Shakhmatnaya sbornaya Moskvy (Moskva)"]
[WhiteFideId "34119962"]
[BlackFideId "4118987"]
[EventDate "2023.05.01"]
[EventType "team"]

1. e4 e5 2. Nf3 Nc6 3. Bb5 a6 4. Ba4 Nf6 5. O-O Be7 6. d3 b5 7. Bb3 d6 8. a3 O-O
9. Nc3 Nb8 10. Bg5 Nbd7 11. d4 Bb7 12. Re1 Rb8 13. dxe5 dxe5 14. Qe2 c5 15. Bxf6
Nxf6 16. Rad1 Qc7 17. Nd5 Bxd5 18. Bxd5 c4 19. c3 g6 20. g3 Kg7 21. Kg2 Rfd8 22.
h4 Rd7 23. Rd2 Rbd8 24. Red1 Bc5 25. a4 Bb6 26. axb5 axb5 27. Nh2 Qc5 28. Nf3
Bc7 29. Bb7 Bd6 30. Bd5 Bc7 31. Bb7 Bd6 32. Bd5 Bb8 33. Ba8 Rxd2 34. Rxd2 Rxd2
35. Qxd2 Ba7 36. Bd5 Ng4 37. Bxf7 Kxf7 38. Qd7+ Kf6 39. Qxg4 Qxf2+ 40. Kh3 Qf1+
41. Kh2 Qe2+ 42. Kh3 Qf1+ 43. Kh2 Qf2+ 1/2-1/2

[Event "TCh-RUS Premier 2023"]
[Site "Sochi RUS"]
[Date "2023.05.01"]
[Round "1.2"]
[Board "2"]
[White "Riazantsev, Alexander"]
[Black "Zubritskiy, Artyom"]
[Result "1/2-1/2"]
[WhiteTitle "GM"]
[BlackTitle "IM"]
[WhiteElo "2626"]
[BlackElo "2438"]
[WhiteTeam "Shakhmatnaya sbornaya Moskvy (Moskva)"]
[BlackTeam "SShOR po shakhmatam i shashkam (Sankt-Peterbu"]
[WhiteFideId "4125029"]
[BlackFideId "4181247"]
[EventDate "2023.05.01"]
[EventType "team"]

1. d4 d5 2. Nf3 Nf6 3. c4 dxc4 4. e3 Bg4 5. h3 Bh5 6. Nbd2 e6 7. Nxc4 c5 8. Nce5
a6 9. g4 Bg6 10. Bg2 Nbd7 11. O-O Be7 12. b3 Rc8 13. Bb2 O-O 14. Nxg6 hxg6 15.
Rc1 Qb6 16. Nd2 Rfd8 17. Qe2 Nd5 18. Nc4 Qa7 19. dxc5 Nxc5 20. Rfd1 Bf6 21. Bxf6
gxf6 22. Qb2 b5 23. Bxd5 exd5 24. Nd2 d4 25. Nf1 Ne6 26. Rxc8 Rxc8 27. exd4 Nf4
28. Qd2 Nxh3+ 29. Kg2 Ng5 30. d5 Ne4 31. Qe3 Qxe3 32. Nxe3 Nd6 33. Kf3 Kf8 34.
Rd2 Ke7 35. Rc2 f5 36. gxf5 Rxc2 37. Nxc2 Nxf5 38. Nb4 Kd6 39. Ke4 Ne7 40. Nxa6
Nxd5 1/2-1/2

[Event "TCh-RUS Premier 2023"]
[Site "Sochi RUS"]
[Date "2023.05.01"]
[Round "1.2"]
[Board "3"]
[White "Vlasenko, Miroslav"]
[Black "Grachev, Boris"]
[Result "1/2-1/2"]
[WhiteTitle "IM"]
[BlackTitle "GM"]
[WhiteElo "2358"]
[BlackElo "2595"]
[WhiteTeam "SShOR po shakhmatam i shashkam (Sankt-Peterbu"]
[BlackTeam "Shakhmatnaya sbornaya Moskvy (Moskva)"]
[WhiteFideId "4151887"]
[BlackFideId "4129199"]
[EventDate "2023.05.01"]
[EventType "team"]

1. d4 d5 2. Bg5 f6 3. Bf4 Nc6 4. Nf3 g5 5. Bg3 h5 6. h3 Nh6 7. Nc3 Bf5 8. Nb5
Rc8 9. a3 a6 10. Nc3 e6 11. e3 Qd7 12. Qe2 Qh7 13. O-O-O h4 14. Bh2 Bd6 15. Ne1
O-O 16. g4 hxg3 17. Bxg3 b5 18. Bg2 b4 19. axb4 Nxb4 20. e4 dxe4 21. Nxe4 Qd7
22. Qc4 Bxe4 23. Bxe4 Bxg3 24. fxg3 Nd5 25. Nd3 Ne3 26. Nc5 Qf7 27. Qxa6 Nxd1
28. Rxd1 Rcd8 29. Qxe6 Rd6 30. Qxf7+ Rxf7 31. Nb7 Rdd7 32. Bc6 Nf5 33. Bxd7 Rxd7
34. Nc5 Rxd4 35. Rxd4 Nxd4 36. Kd2 Kf7 37. Kd3 Nf3 38. Ke4 Ng1 39. Na6 c6 40.
Nb4 Ke6 41. g4 Nxh3 42. Nxc6 Nf2+ 43. Kf3 Nd1 44. b3 Kd5 45. Ne7+ Ke5 46. c4 Nc3
47. Nd5 Nxd5 48. cxd5 f5 49. d6 fxg4+ 50. Kxg4 Kxd6 51. Kxg5 Kc5 52. b4+ Kxb4 1/2-1/2

[Event "TCh-RUS Premier 2023"]
[Site "Sochi RUS"]
[Date "2023.05.01"]
[Round "1.2"]
[Board "4"]
[White "Popov, Ivan RUS"]
[Black "Pershin, Denis"]
[Result "1-0"]
[WhiteTitle "GM"]
[BlackTitle "IM"]
[WhiteElo "2627"]
[BlackElo "2366"]
[WhiteTeam "Shakhmatnaya sbornaya Moskvy (Moskva)"]
[BlackTeam "SShOR po shakhmatam i shashkam (Sankt-Peterbu"]
[WhiteFideId "4170350"]
[BlackFideId "24165506"]
[EventDate "2023.05.01"]
[EventType "team"]

1. e4 e6 2. d4 d5 3. e5 c5 4. c3 Nc6 5. Nf3 Qb6 6. a3 c4 7. Nbd2 Na5 8. h4 Bd7
9. h5 h6 10. Be2 Ne7 11. Rb1 Qc7 12. Nf1 Nb3 13. Bf4 Ba4 14. Ng3 Nc6 15. O-O b5
16. Qe1 a5 17. Be3 b4 18. axb4 axb4 19. Nh2 Be7 20. f4 g6 21. Bg4 Kd7 22. Qf2
Nd8 23. Qf3 Qa5 24. Ne2 Kc7 25. Bh3 Bc6 26. Qg3 bxc3 27. Nxc3 g5 28. Ng4 gxf4
29. Qxf4 Bg5 30. Qf2 Bd7 31. Rbd1 Qb6 32. Kh1 Ra7 33. Bxg5 hxg5 34. h6 f5 35.
exf6 Nf7 36. Ne5 Nxh6 37. f7 Nf5 38. Nxd5+ exd5 39. Nxd7 Qd6 40. Qxf5 1-0

[Event "TCh-RUS Premier 2023"]
[Site "Sochi RUS"]
[Date "2023.05.01"]
[Round "1.2"]
[Board "5"]
[White "Saveliev, Alexei"]
[Black "Ponkratov, Pavel"]
[Result "0-1"]
[WhiteTitle "IM"]
[BlackTitle "GM"]
[WhiteElo "2385"]
[BlackElo "2580"]
[WhiteTeam "SShOR po shakhmatam i shashkam (Sankt-Peterbu"]
[BlackTeam "Shakhmatnaya sbornaya Moskvy (Moskva)"]
[WhiteFideId "24128546"]
[BlackFideId "4157800"]
[EventDate "2023.05.01"]
[EventType "team"]

1. e4 c6 2. d4 d5 3. exd5 cxd5 4. Bd3 Nc6 5. c3 e6 6. Nf3 Bd6 7. O-O Nge7 8. a3
Bd7 9. Re1 O-O 10. b3 Rc8 11. c4 dxc4 12. bxc4 Nf5 13. Bb2 Re8 14. Nbd2 Bf8 15.
Ne4 Na5 16. Rc1 Qb6 17. Qe2 Ba4 18. Bc3 Qc7 19. Bb2 Nb3 20. Rb1 Rcd8 21. Bc2 b5
22. Bxb3 Bxb3 23. cxb5 Bc4 24. Qc2 Rc8 25. a4 Qa5 26. Nc5 Bd5 27. Ne5 f6 28.
Ned3 Bd6 29. Bc3 Qc7 30. g3 Qf7 31. Nb4 Ba8 32. Nc6 Bxc5 33. dxc5 Bxc6 34. bxc6
Rxc6 35. Rb5 a6 36. Rb6 Rxc5 37. Qd3 a5 38. Rb5 Rc7 39. Rxa5 Rec8 40. Bb4 h5 41.
Rb5 Rd7 42. Qe4 h4 43. a5 h3 44. Qg4 Rb7 45. Rb6 Rxb6 46. axb6 Qb7 47. Qxh3 Nd4
48. Qg2 Nf3+ 49. Kh1 Qd5 50. Rf1 Rc6 51. Ba5 Rc5 52. b7 Qxb7 53. Bd2 Qe4 54. Be3
Rh5 55. h3 Qg4 0-1

[Event "TCh-RUS Premier 2023"]
[Site "Sochi RUS"]
[Date "2023.05.01"]
[Round "1.2"]
[Board "6"]
[White "Demidov, Mikhail"]
[Black "Timerkhanov, Alexander"]
[Result "1-0"]
[WhiteTitle "GM"]
[BlackTitle "FM"]
[WhiteElo "2583"]
[BlackElo "2352"]
[WhiteTeam "Shakhmatnaya sbornaya Moskvy (Moskva)"]
[BlackTeam "SShOR po shakhmatam i shashkam (Sankt-Peterbu"]
[WhiteFideId "4197143"]
[BlackFideId "24177938"]
[EventDate "2023.05.01"]
[EventType "team"]

1. c4 c6 2. e4 d5 3. cxd5 cxd5 4. exd5 Nf6 5. Nc3 Nxd5 6. Nf3 Nc6 7. Bb5 Nxc3 8.
bxc3 Qd5 9. Qa4 Bd7 10. O-O a6 11. Be2 e6 12. Qb3 Qxb3 13. axb3 e5 14. b4 Rb8
15. b5 axb5 16. Bxb5 Bd6 17. Ng5 Be7 18. d4 Bxg5 19. Bxg5 f6 20. Be3 exd4 21.
cxd4 Be6 22. Rfc1 O-O 23. Bxc6 bxc6 24. Rxc6 Bf7 25. h3 Rfd8 26. Ra7 Ra8 27.
Rac7 Bd5 28. Rc5 Ra6 29. Re7 f5 30. Kh2 Rad6 31. Rcc7 Rg6 32. f3 h5 33. Bf4 Rf8
34. Rc5 Ra8 35. Rxd5 Ra2 36. Re1 Raxg2+ 37. Kh1 Rf2 38. Rxf5 1-0

[Event "TCh-RUS Premier 2023"]
[Site "Sochi RUS"]
[Date "2023.05.01"]
[Round "1.3"]
[Board "1"]
[White "Chekhov, Sergei"]
[Black "Sjugirov, Sanan"]
[Result "0-1"]
[WhiteTitle "IM"]
[BlackTitle "GM"]
[WhiteElo "2453"]
[BlackElo "2712"]
[WhiteTeam "Inleksis (Voronezhskaya oblast)"]
[BlackTeam "Moskovskaya oblast (Moskovskaya oblast)"]
[WhiteFideId "4195639"]
[BlackFideId "4189302"]
[EventDate "2023.05.01"]
[EventType "team"]

1. e4 c5 2. c3 d5 3. exd5 Qxd5 4. d4 Nf6 5. Nf3 e6 6. Be2 cxd4 7. cxd4 Be7 8.
Nc3 Qd6 9. O-O Nc6 10. Bg5 O-O 11. Qd2 Rd8 12. Rfd1 Nd5 13. Rac1 Bxg5 14. Qxg5
h6 15. Qd2 Nf6 16. h3 Bd7 17. a3 Be8 18. Qe3 Ne7 19. Bd3 Qb6 20. Qe2 Rac8 21.
Bb1 Bc6 22. Ne5 Rxd4 23. Rxd4 Qxd4 24. Nxc6 Nxc6 25. Qb5 Qf4 26. Rd1 Qc7 27. Ne4
Nd5 28. Rc1 Qf4 29. Rd1 Qc7 30. Rc1 Qf4 31. Rd1 b6 32. g3 Qb8 33. Qa6 Rd8 34. h4
Kf8 35. Qa4 Nde7 36. Rc1 Nd4 37. Qa6 Nec6 38. Nc3 Nb3 39. Re1 Ncd4 40. Kg2 Nd2
41. Be4 f5 42. Bb7 N2b3 43. Bf3 Nxf3 44. Kxf3 Qa8+ 45. Ke3 Nd4 0-1

[Event "TCh-RUS Premier 2023"]
[Site "Sochi RUS"]
[Date "2023.05.01"]
[Round "1.3"]
[Board "2"]
[White "Khismatullin, Denis"]
[Black "Rodin, Dmitrij"]
[Result "1-0"]
[WhiteTitle "GM"]
[BlackTitle "IM"]
[WhiteElo "2594"]
[BlackElo "2325"]
[WhiteTeam "Moskovskaya oblast (Moskovskaya oblast)"]
[BlackTeam "Inleksis (Voronezhskaya oblast)"]
[WhiteFideId "4142578"]
[BlackFideId "4127412"]
[EventDate "2023.05.01"]
[EventType "team"]

1. d4 Nf6 2. c4 e6 3. g3 Bb4+ 4. Bd2 Qe7 5. Bg2 O-O 6. Nf3 Nc6 7. O-O Bxd2 8.
Qxd2 d6 9. Nc3 a5 10. Rac1 e5 11. dxe5 dxe5 12. Nd5 Qd8 13. Rfd1 Bg4 14. h3 Bxf3
15. exf3 Qd6 16. f4 Rae8 17. c5 Qd8 18. fxe5 Rxe5 19. Nf4 Qe7 20. Bxc6 bxc6 21.
Qxa5 g5 22. Ng2 Ne4 23. Qa4 Re8 24. Qxc6 Re6 25. Qd5 Re5 26. Qd7 Qf6 27. Rc2
R8e7 28. Qc8+ Kg7 29. Rd8 Qf3 30. Qg4 Qxg4 31. hxg4 Nxc5 32. Ne3 Ne6 33. Rd1 Re8
34. Kg2 Ra5 35. b3 Rea8 36. Nf5+ Kg8 37. a4 Re5 38. Rd7 Rf8 39. b4 Re4 40. Rc6
Nd8 41. Rcxc7 Rxb4 42. a5 Ra4 43. Rc5 Ne6 44. Re5 Nd8 45. Ne7+ Kh8 46. Rxg5 Ne6
47. Rb5 Ra8 48. Nf5 R4xa5 49. Rxa5 Rxa5 50. Rxf7 1-0

[Event "TCh-RUS Premier 2023"]
[Site "Sochi RUS"]
[Date "2023.05.01"]
[Round "1.3"]
[Board "3"]
[White "Klimentov, Evgeny"]
[Black "Goryachkina, Aleksandra"]
[Result "0-1"]
[WhiteTitle "FM"]
[BlackTitle "GM"]
[WhiteElo "2305"]
[BlackElo "2565"]
[WhiteTeam "Inleksis (Voronezhskaya oblast)"]
[BlackTeam "Moskovskaya oblast (Moskovskaya oblast)"]
[WhiteFideId "24128899"]
[BlackFideId "4147103"]
[EventDate "2023.05.01"]
[EventType "team"]

1. e4 e6 2. d4 d5 3. Nd2 c5 4. Ngf3 cxd4 5. Nxd4 Nc6 6. Bb5 Bd7 7. Nxc6 bxc6 8.
Bd3 Qc7 9. Qe2 Bd6 10. Nf3 dxe4 11. Qxe4 Nf6 12. Qh4 c5 13. Bg5 Bc6 14. O-O-O
Nd5 15. Be4 h6 16. Rhe1 O-O 17. Bd2 Rab8 18. Bd3 Nb4 19. Bc4 Bd5 20. a3 Nc6 21.
Bc3 Bf4+ 22. Bd2 Bxd2+ 23. Nxd2 Qb6 24. b3 Nd4 25. Qg3 a5 26. Qc3 a4 27. Kb2
Rfd8 28. f3 Qc7 29. h3 Rb6 30. Ka2 axb3+ 31. cxb3 Ra8 32. Rb1 Qa7 33. Qc1 Nc2
34. Bxd5 Nb4+ 35. Ka1 Qxa3+ 36. Qxa3 Rxa3+ 37. Kb2 Ra2+ 38. Kc1 Nd3+ 39. Kd1
Nxe1 40. Be4 Rd6 41. Kxe1 Rdxd2 0-1

[Event "TCh-RUS Premier 2023"]
[Site "Sochi RUS"]
[Date "2023.05.01"]
[Round "1.3"]
[Board "4"]
[White "Savchenko, Boris"]
[Black "Popov, Maksim"]
[Result "0-1"]
[WhiteTitle "GM"]
[BlackTitle "FM"]
[WhiteElo "2540"]
[BlackElo "2338"]
[WhiteTeam "Moskovskaya oblast (Moskovskaya oblast)"]
[BlackTeam "Inleksis (Voronezhskaya oblast)"]
[WhiteFideId "4147332"]
[BlackFideId "54123968"]
[EventDate "2023.05.01"]
[EventType "team"]

1. e4 c5 2. Nc3 d6 3. d4 cxd4 4. Qxd4 Nf6 5. Be3 Nc6 6. Qd2 e6 7. h3 d5 8. exd5
exd5 9. O-O-O Be6 10. Bb5 Bb4 11. Nge2 Qa5 12. Bd4 Ne4 13. Qe3 O-O 14. Bxc6 bxc6
15. Nxe4 dxe4 16. a3 Be7 17. Qxe4 Rfe8 18. Nf4 Bg5 19. Bc3 Qc5 20. Qf3 Qc4 21.
Rd4 Qa2 22. Rhd1 c5 23. Rd6 Rad8 24. b3 Rxd6 25. Rxd6 Qxa3+ 26. Bb2 Qb4 27. g3
Bxh3 28. Bc3 Qa3+ 29. Kb1 c4 30. Qc6 Rc8 31. Qa6 Qxa6 32. Rxa6 Bxf4 33. gxf4
cxb3 34. Kb2 bxc2 35. Kxc2 Rc7 36. Ra5 f6 37. f5 Bf1 38. Rd5 h5 39. Kd2 h4 40.
Rd8+ Kh7 41. Bb4 Rc4 0-1

[Event "TCh-RUS Premier 2023"]
[Site "Sochi RUS"]
[Date "2023.05.01"]
[Round "1.3"]
[Board "5"]
[White "Kuzminykh, Nikita"]
[Black "Iljiushenok, Ilia"]
[Result "0-1"]
[BlackTitle "GM"]
[WhiteElo "2063"]
[BlackElo "2544"]
[WhiteTeam "Inleksis (Voronezhskaya oblast)"]
[BlackTeam "Moskovskaya oblast (Moskovskaya oblast)"]
[WhiteFideId "54150540"]
[BlackFideId "24105074"]
[EventDate "2023.05.01"]
[EventType "team"]

1. e4 c5 2. Nf3 d6 3. Bb5+ Bd7 4. a4 Nc6 5. O-O Nf6 6. Re1 a6 7. Bf1 Bg4 8. b3
e6 9. Bb2 Be7 10. h3 Bh5 11. Na3 O-O 12. Nc4 Nd7 13. g4 Bg6 14. d4 cxd4 15. Nxd4
Nf6 16. Nxc6 bxc6 17. Bg2 d5 18. Ne5 Bc5 19. exd5 cxd5 20. Nxg6 hxg6 21. Bd4 Rc8
22. c3 a5 23. Qd2 Qb6 24. b4 Bxd4 25. Qxd4 Qxd4 26. cxd4 axb4 27. a5 Ra8 28.
Reb1 Rfb8 29. Ra4 b3 30. f3 Ne8 31. Bf1 Nd6 32. a6 Nc4 33. Kf2 g5 34. Bxc4 dxc4
35. Rxc4 Rxa6 36. Rc3 b2 37. Rc2 Rab6 38. Ke3 Rb3+ 39. Ke4 R8b5 40. Rc8+ Kh7 41.
Rc5 Kg6 42. f4 gxf4 43. Kxf4 R5b4 44. Ke4 Rxh3 45. Rc2 Rh4 46. Rg2 Kg5 0-1

[Event "TCh-RUS Premier 2023"]
[Site "Sochi RUS"]
[Date "2023.05.01"]
[Round "1.3"]
[Board "6"]
[White "Smirnov, Pavel"]
[Black "Rudakov, Sergey S."]
[Result "1-0"]
[WhiteTitle "GM"]
[WhiteElo "2545"]
[BlackElo "1992"]
[WhiteTeam "Moskovskaya oblast (Moskovskaya oblast)"]
[BlackTeam "Inleksis (Voronezhskaya oblast)"]
[WhiteFideId "4123425"]
[BlackFideId "44111533"]
[EventDate "2023.05.01"]
[EventType "team"]

1. d4 Nf6 2. c4 e6 3. g3 d5 4. Nf3 Bb4+ 5. Bd2 Be7 6. Bg2 O-O 7. O-O Nbd7 8. Qc2
Ne4 9. Bf4 c6 10. h4 f5 11. Nc3 Bf6 12. Ne5 Nxc3 13. bxc3 Nxe5 14. dxe5 Be7 15.
cxd5 exd5 16. c4 d4 17. Rfd1 Qb6 18. e3 dxe3 19. Bxe3 Qc7 20. f4 Be6 21. Rab1
Rfb8 22. Kh2 Qa5 23. c5 Qc7 24. Bf1 b5 25. cxb6 axb6 26. Bc4 Bxc4 27. Qxc4+ Kh8
28. Qe6 Qa7 29. Rd2 c5 30. Qxf5 Rd8 31. Rbd1 Rxd2+ 32. Rxd2 Qa3 33. Qe4 c4 34.
f5 c3 35. Rf2 Rf8 36. Bxb6 Bc5 37. Bxc5 Qxc5 38. Re2 h6 39. e6 Qc7 40. e7 Re8
41. f6 gxf6 42. Qg6 Rxe7 43. Qxf6+ Rg7 44. Qxh6+ 1-0

[Event "TCh-RUS Premier 2023"]
[Site "Sochi RUS"]
[Date "2023.05.01"]
[Round "1.4"]
[Board "1"]
[White "Paravyan, David"]
[Black "Murzin, Volodar"]
[Result "1/2-1/2"]
[WhiteTitle "GM"]
[BlackTitle "GM"]
[WhiteElo "2601"]
[BlackElo "2577"]
[WhiteTeam "Russkaya shakhmatnaya shkola (Moskva)"]
[BlackTeam "Sbornaya Novosibirskoy oblasti (Novosibir"]
[WhiteFideId "4194985"]
[BlackFideId "44155573"]
[EventDate "2023.05.01"]
[EventType "team"]

1. e4 c6 2. d4 d5 3. e5 Bf5 4. Nf3 e6 5. Be2 Ne7 6. O-O c5 7. c4 Nbc6 8. dxc5
dxc4 9. Bxc4 Qxd1 10. Rxd1 Ng6 11. Be3 Ngxe5 12. Nxe5 Nxe5 13. Bb5+ Nc6 14. Nc3
Rd8 15. Ba4 a6 16. b4 Be7 17. b5 axb5 18. Nxb5 O-O 19. Nd6 Ra8 20. Bxc6 1/2-1/2

[Event "TCh-RUS Premier 2023"]
[Site "Sochi RUS"]
[Date "2023.05.01"]
[Round "1.4"]
[Board "2"]
[White "Kobalia, Mikhail"]
[Black "Kukhmazov, Arsen"]
[Result "1/2-1/2"]
[WhiteTitle "GM"]
[BlackTitle "IM"]
[WhiteElo "2584"]
[BlackElo "2506"]
[WhiteTeam "Sbornaya Novosibirskoy oblasti (Novosibir"]
[BlackTeam "Russkaya shakhmatnaya shkola (Moskva)"]
[WhiteFideId "4119150"]
[BlackFideId "24108260"]
[EventDate "2023.05.01"]
[EventType "team"]

1. e4 c6 2. d4 d5 3. exd5 cxd5 4. Bd3 Nc6 5. c3 Nf6 6. Bf4 Bg4 7. Qb3 Qd7 8. Nd2
e6 9. Ngf3 Bd6 10. Bxd6 Qxd6 11. O-O O-O 12. Rae1 Ne7 13. Ne5 Bf5 14. Bxf5 Nxf5
15. g4 Ne7 16. Qb5 a5 17. a4 Qa6 18. Qb3 Rfd8 19. Re3 Ng6 20. Nxg6 hxg6 21. h3
Rab8 22. Ra1 Ne8 23. Nf3 1/2-1/2